| 000 | 01093cam a2200325 i 4500 | ||
|---|---|---|---|
| 001 | 160642 | ||
| 003 | TR-AnTOB | ||
| 005 | 20240514142014.0 | ||
| 007 | ta | ||
| 008 | 161102s2005 tu d 000 0 tur d | ||
| 040 |
_aTR-AnTOB _cTR-AnTOB _beng _erda |
||
| 041 | _atur | ||
| 050 | _aHC493.A39 | ||
| 090 | _aHC493.A39 | ||
| 110 | 2 |
_aAfyonkarahisar İli (Turkey). _bValilik. _bSanayi ve Ticaret İl Müdürlüğü _967405 |
|
| 245 | 1 | 0 | _a2004 yılı Afyonkarahisar ili ekonomik ve ticari durum hakkında rapor Mart-2005. |
| 264 | 1 |
_a[Place of publication not identified] : _b[publisher not identified], _c2004. |
|
| 300 |
_a50 pages : _btables ; _ccm |
||
| 336 |
_2rdacontent _atext _btxt |
||
| 337 |
_2rdamedia _aunmediated _bn |
||
| 338 |
_2rdacarrier _avolume _bnc |
||
| 651 | 0 |
_aAfyonkarahisar İli (Türkiye) _xEkonomik durum _966540 |
|
| 653 | 5 | _aAfyonkarahisar İli (Türkiye)--Ticaret | |
| 710 |
_aTürkiye. _bSanayi ve Ticaret Bakanlığı _967015 |
||
| 902 | _aT000988 (023671) | ||
| 903 | _aTobb Koleksiyonu | ||
| 942 |
_2lcc _cBK |
||
| 945 | _aZŞ | ||
| 999 |
_c160642 _d13857 |
||